000 01311nam a2200337 a 4500
001 ebr10058526
003 CaPaEBR
006 m u
007 cr cn|||||||||
008 020227s2003 caua sb s001 0 eng
010 _z 2002002311
020 _z0520202872 (alk. paper)
020 _z0520236203 (pbk. : alk. paper)
040 _aCaPaEBR
_cCaPaEBR
035 _a(OCoLC)55857253
050 1 4 _aHQ23
_b.L29 2003eb
082 0 4 _a306.7
_221
100 1 _aLancaster, Roger N.
245 1 4 _aThe trouble with nature
_h[electronic resource] :
_bsex in science and popular culture /
_cRoger N. Lancaster.
260 _aBerkeley :
_bUniversity of California Press,
_cc2003.
300 _axiii, 442 p. :
_bill.
504 _aIncludes bibliographical references and index.
533 _aElectronic reproduction.
_bPalo Alto, Calif. :
_cebrary,
_d2013.
_nAvailable via World Wide Web.
_nAccess may be limited to ebrary affiliated libraries.
650 0 _aSex in popular culture.
650 0 _aScience news.
650 0 _aPseudoscience.
650 0 _aSexual orientation
_xPhysiological aspects.
655 7 _aElectronic books.
_2local
710 2 _aebrary, Inc.
856 4 0 _uhttp://site.ebrary.com/lib/rucke/Doc?id=10058526
_zAn electronic book accessible through the World Wide Web; click to view
999 _c70654
_d70654